| 000 | 01020nam a22002657a 4500 | ||
|---|---|---|---|
| 001 | 71569 | ||
| 003 | BD-RjUL | ||
| 005 | 20211209082130.0 | ||
| 008 | 170506s2000 ii a|||| |||| 001 0 ben d | ||
| 020 |
_a8186946543 : _c Rs. : 220.00 |
||
| 035 | _a(BD-RjUL)71785 | ||
| 040 |
_aBD-RjUL _bben _cBD-RjUL |
||
| 041 | _aben | ||
| 082 |
_223 _a954.01 _bGAB 2000 |
||
| 100 | 1 |
_aগঙ্গোপাধ্যায়, দিলীপকুমার _9211776 |
|
| 245 | 1 | 0 |
_aভারত-ইতিহাসের সন্ধানে _bআদি পর্ব / _cদিলীপকুমার গঙ্গোপাধ্যায় |
| 260 |
_aকলকাতা _bসাহিত্যলোক, _c২০০০ |
||
| 300 |
_aখণ্ড _bচিত্র ; _c২২ সেমি. |
||
| 504 | _aসংযুক্ত নির্ঘণ্ট | ||
| 505 | _aখণ্ড ১--- | ||
| 651 |
_aভারত _xইতিহাস _9211777 |
||
| 651 |
_aIndia _xHistory. _9211778 |
||
| 651 |
_aIndia _9211779 |
||
| 942 |
_2ddc _cBK |
||
| 999 |
_c71569 _d71569 |
||